Famous People From Kansas - Statistics

General Stats
  • This quiz has been taken 14 times
    2 since last reset
  • The average score is 4 of 32
Answer Stats
Hint Answer % Correct
NBA player for the Denver Nuggets who won a national championship while playing college basketball for the University of Kansas (Burlington) Christian Braun
100%
Legendary NFL running back for the Detroit Lions (Wichita) Barry Sanders
50%
NBA player born in South Sudan who stands at an astounding 7'3 (Olathe) Bol Bol
50%
34th President of the United States and World War 2 general (Abilene) Dwight D. Eisenhower
50%
Television host of the show Survivor (Wichita) Jeff Probst
50%
Former NFL wide receiver for the Green Bay Packers who played college at Kansas State University (Manhattan) Jordy Nelson
50%
Female pilot who famously crashed over the Pacific Ocean and was never found (Atchison) Amelia Earhart
0%
Baseball data analyst who invented Sabermetrics (Holton) Bill James
0%
Former Senator of Kansas who was the Republican Party nominee for the 1996 presidential election (Russell) Bob Dole
0%
Actor best known for his silent films and physical comedy in the 1920's (Piqua) Buster Keaton
0%
Jazz musician considered a leading figure in the development of bebop (Kansas City) Charlie Parker
0%
Journalist at the Daily Planet and has the alter ego of Superman (Smallville) Clark Kent
0%
Former NASCAR driver (Emporia) Clint Bowyer
0%
faint-hearted canine in a children's cartoon (Nowhere) Courage the Cowardly Dog
0%
Clark Griswold's brother-in-law (Coolidge) Cousin Eddie
0%
Ill-behaved boy in a comic strip (Wichita) Dennis the Menace
0%
Convicted murderer and one of the main characters in Truman Capote's In Cold Blood (Kansas City) Dick Hickock
0%
Girl who lives on a farm who gets stuck in the land of Oz with her dog Toto Dorothy Gale
0%
Actor most known for his role as Cameron in Modern Family (Kansas City) Eric Stonestreet
0%
NBA player for the Toronto Raptors who played at the University of Kansas and has a comical surname (Wichita) Gradey Dick
0%
Actor and Comedian most know for his role as Ted Lasso (Overland Park) Jason Sudekis
0%
Baseball player who played for the Kansas City Royals, but won World Series' with both the Boston Red Sox and New York Yankees (Fort Riley) Johnny Damon
0%
Legendary defender for Sporting Kansas City and the United States Men's National Team. First and only mens player from Kansas to play for the national team. (Overland Park) Matt Besler
0%
YouTuber who's videos are primarily about science and quirky humor. Goes by the pseudonym Vsauce. (Stilwell) Michael Stevens
0%
Youtuber who as the most subscribed channel on the platform as of 2025 with over 400 million subscribers (Wichita) MrBeast
0%
Youtuber most known for his videos regarding American politics (Topeka) Mr. Beat
0%
Actor most known for his role as Ant Man (Lenexa) Paul Rudd
0%
Drummer for the American rock band Kansas (Coffeyville) Phil Ehart
0%
Comedian who was also a lieutenant colonel in the Marine Corps (Overland Park) Rob Riggle
0%
Senator from Virginia who was Hillary Clinton's running mate in the 2016 presidential election (Overland Park) Tim Kaine
0%
Hall of Fame baseball pitcher who played his entire MLB career for the Washington Senators (Humbolt) Walter Johnson
0%
Legendary NFL guard for the Kansas City Chiefs (Fort Riley) Will Shields
0%
No matching quizzes found
Score Distribution
Percent of People with Each Score
Percentile by Number Answered
Your Score History
You have not taken this quiz since the last reset